ბათუმის შოთა რუსთაველის სახელმწიფო უნივერსიტეტის ბიბლიოთეკა

ადამიანისსახა ისტორია (ბიბ.ჩანაწერი № 34914)

000 -LEADER
fixed length control field 00743nam a2200229Ia 4500
001 - CONTROL NUMBER
control field 741
003 - CONTROL NUMBER IDENTIFIER
control field GE_BSU
008 - FIXED-LENGTH DATA ELEMENTS--GENERAL INFORMATION
fixed length control field 181216s||||||||xx |||||||||||||| ||und||
020 ## - INTERNATIONAL STANDARD BOOK NUMBER
International Standard Book Number 9789941127762
040 ## - CATALOGING SOURCE
Transcribing agency GE_BSU
080 ## - UNIVERSAL DECIMAL CLASSIFICATION NUMBER
Universal Decimal Classification number 572.1/4
100 ## - MAIN ENTRY--PERSONAL NAME
Personal name ჯოხაძე,გია
245 ## - TITLE STATEMENT
Title ადამიანისსახა ისტორია
245 ## - TITLE STATEMENT
Remainder of title შესავალი. ისტლრიული ანთროპოლოგია.
260 ## - PUBLICATION, DISTRIBUTION, ETC.
Place of publication, distribution, etc. თბილისი
260 ## - PUBLICATION, DISTRIBUTION, ETC.
Name of publisher, distributor, etc. ,,უნივერსალი//
260 ## - PUBLICATION, DISTRIBUTION, ETC.
Date of publication, distribution, etc. 2009
300 ## - PHYSICAL DESCRIPTION
Extent 196 გვ.
653 ## - INDEX TERM--UNCONTROLLED
Uncontrolled term ადამიანის წარმოშობა-ანთროპოგენეზი
942 ## - ADDED ENTRY ELEMENTS (KOHA)
Koha item type წიგნი
ეგზემპლარები
Withdrawn status Lost status Damaged status Not for loan Date acquired Barcode Date last seen Price effective from Koha item type
        2018-12-17 1256 2018-12-17 2018-12-17 წიგნი